Music Quiz

Random Music or Song Quiz
Score 0/17 Timer 05:00
0 Plays Today
Lyric hint Song Titles % Correct
'We can play and laugh in the morning, but now it's time for us to rest our sleepy heads' Mother said
78.8%
'And speaking of them you’ve got them wrapped around your paws, but you never paused your paws and saw the flaws you’ve caused'Walk without the stars
77.1%
'If I could rewind and change my mind, and do it all again...'One not two
75.6%
'But, Swiftpaw, it's not up for us to change'Prove it
75.2%
'All that you hide from me has now come to the light...'Frost
73.8%
'Each time I watch, the distance 'tween us grows and grows...'And he runs
73.5%
'Go now, it's your time, but I'll be right there by your side...'Stride by Stride
70.3%
'All I ever wanted was to be something more'Swallowing shadows
70%
'I don't know how we ended up here...'All they see
68.9%
Lyric hint Song Titles % Correct
'She has those eyes that smile, I'm starting to feel dizzy...'Could never be
67.9%
'Do the stars know that they're seen from so far down below?'I'll be complete
67.9%
'After all I've done for her, she turns her back on me. I was there to guide her, beside her, but she still refuses to see.'Nothing but ashes
65.9%
''You're far too small you see, well actually I don't!'What you can't see
65.2%
'Thunder, shadow, river, wind and sky, the don't deserve to live they all deserve to DIE'Fading
64.1%
'You've been trapped in your mind, your doubts tucked down below, but it's okay to be afraid, I'll show you all that I know'Just one heartbeat
58.6%
'So many times out there, I've watched a happy pair, Of lovers walking in the night...'Starclan's light
56.5%
''And the scars become her shield'Whole
30%
Remove Ads.
Support Sporcle.
Get the best of Sporcle when you Go Orange. This ad-free experience offers more features, more stats, and more fun while also helping to support Sporcle. Thank you for becoming a member.

You're not logged in!

Compare scores with friends on all Sporcle quizzes.
OR
Log In

Show Comments

Extras

Top Quizzes Today


Score Distribution

Your Account Isn't Verified!

In order to create a playlist on Sporcle, you need to verify the email address you used during registration. Go to your Sporcle Settings to finish the process.

Report this User

Report this user for behavior that violates our Community Guidelines.

Details: